Normal view
MARC view
Entry Personal Name
001 - CONTROL NUMBER
- control field: 17515
003 - CONTROL NUMBER IDENTIFIER
- control field: BD-RjUL
005 - DATE AND TIME OF LATEST TRANSACTION
- control field: 20251210124237.0
008 - FIXED-LENGTH DATA ELEMENTS
- fixed length control field: 251210|| aca||aabn | a|a d
040 ## - CATALOGING SOURCE
- Original cataloging agency: BD-RjUL
- Transcribing agency: BD-RjUL
100 ## - HEADING--PERSONAL NAME
- Personal name: Valéry, Paul,
- Dates associated with a name: 1871-1945
- General subdivision: Translations into English
670 ## - SOURCE DATA FOUND
- Source citation: Work cat.: (BD-RjUL)86046: Valéry, Paul, 1871-1945. 17514, Dialogues /, 1957